| 000 | 00429nam a2200169Ia 4500 | ||
|---|---|---|---|
| 003 | GCL | ||
| 008 | 140319s9999 xx 000 0 eng d | ||
| 040 |
_aGCL / _cGCL |
||
| 082 | 0 | 4 |
_a575.1 _bF I |
| 100 | 1 | _aFALCONER, D. S. | |
| 245 | 1 | 0 |
_aINTRODUCTION TO QUANTITATIVE GENETICS / _cFALCONER, D. S. |
| 260 |
_a[S.N] : _bELBS LONGMAN ، _c1991 |
||
| 300 | _a438\P | ||
| 650 | 0 | 4 | _aGENETICS |
| 650 | 0 | 4 | _aBIOLOGY |
| 942 |
_2ddc _cBK |
||
| 999 |
_c19945 _d19945 |
||